Preliminary study of optimal extraction of biologically active compounds from sea buckthorn (Hippophae Rhamnoides L.) pomace

The processing of fruits results in high amounts of waste materials such as peels and seeds which is a critical subject in every industry. The aim of this study is to explore the best combination of drying and extraction method, to achieve the highest antioxidant content in sea buckthorn pomace (SBP...

Teljes leírás

Elmentve itt :
Bibliográfiai részletek
Szerzők: Furulyás Diána
Chagnaadorj Rentsendavaa
Kis Fanni
Biró Katalin
Stéger-Máté Mónika
Stefanovits-Bányai Éva
Testületi szerző: International Symposium on Analytical and Environmental Problems (23.) (2017) (Szeged)
Dokumentumtípus: Könyv része
Megjelent: 2017
Sorozat:Proceedings of the International Symposium on Analytical and Environmental Problems 23
Kulcsszavak:Élelmiszeripari technológia, Kémia
Online Access:http://acta.bibl.u-szeged.hu/56236
LEADER 02579naa a2200265 i 4500
001 acta56236
005 20260224081030.0
008 190103s2017 hu o 100 eng d
020 |a 978-963-306-563-1 
040 |a SZTE Egyetemi Kiadványok Repozitórium  |b hun 
041 |a eng 
100 1 |a Furulyás Diána 
245 1 0 |a Preliminary study of optimal extraction of biologically active compounds from sea buckthorn (Hippophae Rhamnoides L.) pomace  |h [elektronikus dokumentum] /  |c  Furulyás Diána 
260 |c 2017 
300 |a 392-396 
490 0 |a Proceedings of the International Symposium on Analytical and Environmental Problems  |v 23 
520 3 |a The processing of fruits results in high amounts of waste materials such as peels and seeds which is a critical subject in every industry. The aim of this study is to explore the best combination of drying and extraction method, to achieve the highest antioxidant content in sea buckthorn pomace (SBP), which appears as a by-product when making use of the berries. In the frame of our research the optimal drying conditions were previously tested, relying on the results vacuum drying was executed at 40 and 60 °C furthermore SBP was dried also by atmospheric dryer at 60 and 80°C. Drying curve was also determined. When extracting the antioxidant compounds, 20 and 40 % ethanol and acetone were used as solvents, applied in 1:30 proportion. Amount of total polyphenol content and antioxidant capacity (FRAP) were determined by spectrophotometry methods. Besides regarding amount of valuable components economical aspects must be considered for choosing the optimal drying technology. In case of vacuum drying duration was two times longer than in case of atmospheric technologies. The results show that the highest antioxidant capacity (4958.45 mg AAE/100g dm) was registered using 40% acetone extracted from the pomace, dried at 80°C. Further examination could reveal whether the extracted antioxidant content of the SBP, a by-product of fruit processing technologies, could be used natural food additives as bio-preservatives after appropriate clarification processes. 
695 |a Élelmiszeripari technológia, Kémia 
700 0 1 |a Chagnaadorj Rentsendavaa  |e aut 
700 0 1 |a Kis Fanni  |e aut 
700 0 1 |a Biró Katalin  |e aut 
700 0 2 |a Stéger-Máté Mónika  |e aut 
700 0 2 |a Stefanovits-Bányai Éva  |e aut 
710 |a International Symposium on Analytical and Environmental Problems (23.) (2017) (Szeged) 
856 4 0 |u http://acta.bibl.u-szeged.hu/56236/1/proceedings_of_isaep_2017_392-396.pdf  |z Dokumentum-elérés